| 000 | 00721nam a22002177a 4500 | ||
|---|---|---|---|
| 999 |
_c65014 _d65014 |
||
| 005 | 20240530110802.0 | ||
| 008 | 190211s2018 ua a g b 000 0 ara d | ||
| 017 | _bمصر. دار الكتب | ||
| 020 | _a9789774366000 | ||
| 040 |
_aEG-CaGPL _cEG-CaGPL |
||
| 082 | 0 | 4 |
_221 _a709.2 _bط / ص م |
| 100 | 0 | _aصبحى سليمان | |
| 245 | 1 | 0 |
_aمشاهير الرسامين / _cصبحى سليمان |
| 250 | _aط.1 | ||
| 260 |
_aالقاهرة : _bمكتبة النافذة، _c2018 . |
||
| 300 |
_aمتعدد ؛ _c24 سم. |
||
| 504 | _aيشتمل على ارجاعات ببلوجرافية | ||
| 650 | 0 | 7 |
_2qrmak _aالرسامون _vتراجم |
| 942 |
_2ddc _cBK |
||